00616nam a2200193Ia 4500003000400000008004100004040001600045082001800061100002300079245007400102700001800176260004600194300001000240650001800250650002700268942001200295999001700307952009800324GCL140319s9999 xx 000 0 eng d aGCL / cGCL04a338,4791bS T1 aSINCLAIR, M. THEA.10aThe Towriam Industry: an Intenational analysis / cSINCLAIR, M. THEA.1 aSTABLER, M.J. a[S.N] : bC. A. B INTERNATIONAL ، c1991 a244 P04aTOURIST TRADE04aINFORMATION TECHNOLOGY 2ddccBK c16521d16521 00104070aCAIbCAId2014-03-26l0o338,4791\S Tp29983r2014-03-26 00:00:00w2014-03-26yBK